| 000 | 00695nam a2200193 a 4500 | ||
|---|---|---|---|
| 005 | 20210219160149.0 | ||
| 008 | 080919s2000 mx r 000 0 spa d | ||
| 020 | _a9688014923. | ||
| 035 | _aUPN01000159863 | ||
| 049 | _aUNE | ||
| 080 | _aOC 31:37 (72) 1976-83 EST Vol.1. | ||
| 245 | 0 | 0 | _aEstadística básica del sistema educativo nacional; serie histórica: inicio de cursos 1976-1977/ 1982/1983. |
| 260 | _aMéxico : SEP, 1983 | ||
| 300 | _a537 p.; 27 x 20 cm. fot. | ||
| 690 | _aEstadisticas educacionales- Mexico | ||
| 690 | _aEducacion- Datos estadisticos- Mexico | ||
| 710 | 1 | _aMéxico. Secretaría de Educación Pública. Dirección General de Programación | |
| 905 | _aUNESCO | ||
| 999 |
_c131977 _d131977 |
||